00694 2200241 4500001002100000005001500021035002000036007000300056008004100059020002200100082001100122084001800133100001200151245008400163250001400247260003900261300002400300500005100324700002000375990001900395990001900414990001900433INLIS00000000000591520251218084330 a0010-1220000307ta251218 g 0 ind  a978-979-25-4915-7 a338.04 a338.04 BAR s0 aBARNAWI1 aSCHOOL PRENEURSHIP :bMembangkitkan jiwa & sikap kewirausahaan siswa /cBARNAWI aCetakan 2 aYOGYAKARTA :bAR-RUZZ MEDIA,c2020 a160 ;c14,8 x 21 cm aMembangkitkan jiwa & sikap kewirausahaan siswa0 aMOHAMMAD ARIFIN a06271APBD06271 a06272APBD06272 a06273APBD06273